ENGLISH GRAMMAR IN USE (Record no. 19612)

MARC details
000 -LEADER
fixed length control field 00360nam a22001577a 4500
003 - CONTROL NUMBER IDENTIFIER
control field SGT
020 ## - INTERNATIONAL STANDARD BOOK NUMBER
International Standard Book Number 9781107649941
082 ## - DEWEY DECIMAL CLASSIFICATION NUMBER
Classification number 428.2,MUR
100 ## - MAIN ENTRY--PERSONAL NAME
Personal name MURPHY, RAYMOND
245 ## - TITLE STATEMENT
Title ENGLISH GRAMMAR IN USE
250 ## - EDITION STATEMENT
Edition statement 4TH
260 ## - PUBLICATION, DISTRIBUTION, ETC. (IMPRINT)
Place of publication, distribution, etc NEW DELHI
Name of publisher, distributor, etc CAMBRIDGE UNIVERSITY PRESS
Year of Publication 2018
300 ## - PAGE DESCRIPTION
No. of Pages 379
650 ## - SUBJECT ADDED ENTRY--TOPICAL TERM
Topical term or geographic name as entry element ENGLISH GRAMMAR
942 ## - ADDED ENTRY ELEMENTS (KOHA)
Source of classification or shelving scheme Dewey Decimal Classification
Koha item type Books
942 ## - ADDED ENTRY ELEMENTS (KOHA)
-- 6
Holdings
Withdrawn status Lost status Source of classification or shelving scheme Damaged status Use restrictions Not for loan Collection code Home library Current library Shelving location Date acquired Vendor Name Cost, normal purchase price SGTU Bill Number Full call number Accession No. (Barcode) Date last seen Bill Date Koha item type Total Checkouts Date last borrowed
    Dewey Decimal Classification   Restricted Access Not For Loan ENGINEERING SGT Engineering Library SGT Engineering Library Reference Book 28/12/2019 AHUJA BOOK COMPANY 650.00 SGTU 11628 428.2,MUR FE7852 28/12/2019 27/11/2019 Books    
    Dewey Decimal Classification       ENGINEERING SGT Engineering Library SGT Engineering Library Text Book 28/12/2019 AHUJA BOOK COMPANY 650.00 SGTU 11628 428.2,MUR FE7853 15/02/2022 27/11/2019 Books 1 06/01/2022
    Dewey Decimal Classification       ENGINEERING SGT Engineering Library SGT Engineering Library Text Book 28/12/2019 AHUJA BOOK COMPANY 650.00 SGTU 11628 428.2,MUR FE7854 28/12/2019 27/11/2019 Books    
    Dewey Decimal Classification       ENGINEERING SGT Engineering Library SGT Engineering Library Text Book 28/12/2019 AHUJA BOOK COMPANY 650.00 SGTU 11628 428.2,MUR FE7855 17/04/2026 27/11/2019 Books 8 11/03/2026
    Dewey Decimal Classification       ENGINEERING SGT Engineering Library SGT Engineering Library Text Book 28/12/2019 AHUJA BOOK COMPANY 650.00 SGTU 11628 428.2,MUR FE7856 28/12/2019 27/11/2019 Books